000 00756nam a2200289Ia 4500
005 20260324141148.0
008 008 260324s9999 xx 000 0 eng d
020 _a9780203477403
037 _aEBOOK
040 _aCRL
040 _beng
040 _cCRL
041 _2eng
041 _aeng
084 _qCRL
100 _aTom Woolley; Paul Harrison; Sam Kimmins; Rob Harrison
_91207158
245 0 _aGreen Building Handbook: Volume 1
245 2 _bA Guide to Building Products and their Impact on the Environment
260 _bTaylor and Francis
260 _c1997
365 _a
365 _b305
856 _uhttp://www.taylorfrancis.com/books/9780203477403
942 _cEBOOK
999 _c1809950
_d1809950